<?xml version="1.0" encoding="UTF-8"?>
<collection xmlns="http://www.loc.gov/MARC21/slim">
<record>
  <controlfield tag="001">170698</controlfield>
  <controlfield tag="005">20260429150229.0</controlfield>
  <datafield tag="037" ind1=" " ind2=" ">
    <subfield code="a">TAZ-TFG-2026-274</subfield>
  </datafield>
  <datafield tag="041" ind1=" " ind2=" ">
    <subfield code="a">spa</subfield>
  </datafield>
  <datafield tag="100" ind1="1" ind2=" ">
    <subfield code="a">Rodrigo Latorre, Daniel</subfield>
  </datafield>
  <datafield tag="242" ind1="0" ind2="0">
    <subfield code="a">Resistance mechanisms of Salmonella to acidic environments</subfield>
  </datafield>
  <datafield tag="245" ind1="0" ind2="0">
    <subfield code="a">Mecanismos de resistencia de Salmonella al medio ácido</subfield>
  </datafield>
  <datafield tag="260" ind1=" " ind2=" ">
    <subfield code="a">Zaragoza</subfield>
    <subfield code="b">Universidad de Zaragoza</subfield>
    <subfield code="c">2026</subfield>
  </datafield>
  <datafield tag="506" ind1=" " ind2=" ">
    <subfield code="a">by-nc-sa</subfield>
    <subfield code="b">Creative Commons</subfield>
    <subfield code="c">3.0</subfield>
    <subfield code="u">http://creativecommons.org/licenses/by-nc-sa/3.0/</subfield>
  </datafield>
  <datafield tag="520" ind1=" " ind2=" ">
    <subfield code="a">Salmonella enterica es un patógeno alimentario de gran relevancia por su capacidad para sobrevivir en entornos adversos, incluida la exposición a condiciones ácidas como las presentes en alimentos o el tracto gastrointestinal humano. Aunque los mecanismos generales de tolerancia al ácido han sido descritos, aún no se conocen con detalle los genes concretos implicados en esta adaptación. El objetivo de este Trabajo Fin de Grado fue identificar y evaluar genes que puedan estar implicados en la resistencia al medio ácido mediante un enfoque de predicción bioinformática combinado con el análisis experimental.&lt;br />A partir de una revisión bibliográfica y el uso de la herramienta STRING, se creó una red de interacción proteína-proteína que permitió identificar genes candidatos, entre ellos tres RNA no codificantes. Los correspondientes mutantes isogénicos en Salmonella Typhimurium 14028s se validaron mediante PCR para confirmar la correcta inserción de los casettes de resistencia en cada gen.&lt;br />Posteriormente se evaluó el crecimiento de la cepa parental y de los mutantes en medios LB y TSB acidificados. A  pH 4,0 no se observó crecimiento en ninguna de las cepas, mientras que a pH 4,5 y 5,0 se pudieron detectar diferencias, siendo la cepa parental la que mostró un mayor crecimiento. Además, se realizaron ensayos de inactivación a pH 2 a partir de cultivos crecidos y recuperados en diferentes medios en los que todas las cepas tuvieron descensos  de varios ciclos logarítmicos y el comportamiento entre mutantes y cepa parental dependió del medio. &lt;br />Los resultados obtenidos indican que la resistencia al ácido en Salmonella es un proceso que depende de muchos factores en el que varios de los genes analizados podrían tener un papel relevante, especialmente en condiciones de acidez moderada.&lt;br />&lt;br /></subfield>
  </datafield>
  <datafield tag="521" ind1=" " ind2=" ">
    <subfield code="a">Graduado en Ciencia y Tecnología de los Alimentos</subfield>
  </datafield>
  <datafield tag="540" ind1=" " ind2=" ">
    <subfield code="a">Derechos regulados por licencia Creative Commons</subfield>
  </datafield>
  <datafield tag="856" ind1="0" ind2=" ">
    <subfield code="f">821599@unizar.es</subfield>
  </datafield>
  <datafield tag="856" ind1="4" ind2=" ">
    <subfield code="s">1484168</subfield>
    <subfield code="u">http://zaguan.unizar.es/record/170698/files/TAZ-TFG-2026-274.pdf</subfield>
    <subfield code="y">Memoria (spa)</subfield>
  </datafield>
  <datafield tag="909" ind1="C" ind2="O">
    <subfield code="o">oai:zaguan.unizar.es:170698</subfield>
    <subfield code="p">driver</subfield>
    <subfield code="p">trabajos-fin-grado</subfield>
  </datafield>
  <datafield tag="950" ind1=" " ind2=" ">
    <subfield code="a"></subfield>
  </datafield>
  <datafield tag="691" ind1=" " ind2=" ">
    <subfield code="a">4 6 9</subfield>
  </datafield>
  <datafield tag="692" ind1=" " ind2=" ">
    <subfield code="a">Ayuda a la salud pública</subfield>
  </datafield>
  <datafield tag="700" ind1=" " ind2=" ">
    <subfield code="a">Cebrián Auré, Guillermo</subfield>
    <subfield code="e">dir.</subfield>
  </datafield>
  <datafield tag="700" ind1=" " ind2=" ">
    <subfield code="a">Calero Martínez, Silvia</subfield>
    <subfield code="e">dir.</subfield>
  </datafield>
  <datafield tag="710" ind1="2" ind2=" ">
    <subfield code="a">Universidad de Zaragoza</subfield>
    <subfield code="b"> </subfield>
    <subfield code="c"></subfield>
  </datafield>
  <datafield tag="980" ind1=" " ind2=" ">
    <subfield code="a">TAZ</subfield>
    <subfield code="b">TFG</subfield>
    <subfield code="c">VET</subfield>
  </datafield>
  <datafield tag="999" ind1=" " ind2=" ">
    <subfield code="a">20260203001348.CREATION_DATE</subfield>
  </datafield>
  <datafield tag="951" ind1=" " ind2=" ">
    <subfield code="a">deposita:2026-04-29</subfield>
  </datafield>
</record>
</collection>